000 00209nam a2200097Ia 4500
008 190216s9999||||xx |||||||||||||| ||und||
100 _aC J Thomas
245 0 _aUyarunna Yavanika
260 _bNull
942 _cBK
999 _c23923
_d23923